000 00824nam a2200265Ia 4500
001 20098
003 DO-CoUTE
005 20260204212635.0
008 220104s9999 dr 000 0 spa d
020 _a978-9945-443-19-6
040 _aDO-CoUTE
_bspa
_cDO-CoUTE
041 0 _aspa
082 _aRD863.44 R696s
100 1 _aRodríguez Fernández, Arturo
245 1 0 _aEl sabor de las hormigas / Arturo Rodríguez Fernández
260 _aSanto Domingo, República Dominicana : Banco Central
300 _a147 páginas
490 _aArte y Literatura
500 _aColección del Banco Central de la República Dominicana
650 4 _aCuentos Dominicanos
710 _aBanco Central de la República Dominicana
942 _2ddc
_cBK
999 _c21586
_d21586